Quiz de opción múltiple – Lima - Estadísticas

Estadísticas generales
  • Esta prueba ha sido intentada 944 veces
  • La puntuación promedio es 7 de 10
Estadísticas de respuestas
Pregunta Respuesta % Correcto
¿Cuál de estas cadenas montañosas está más cerca de Lima? Andes
95%
¿Por cuál de estos platos es conocida Lima? Ceviche
93%
¿Quién fundó Lima? Francisco Pizarro
71%
¿Qué cóctel se inventó en Lima? Pisco sour
71%
¿Cuál es el distrito comercial de lujo de Lima? Miraflores
67%
¿Qué grupo terrorista bombardeó el distrito mencionado anteriormente en 1992, matando a 25 personas? Sendero Luminoso
67%
¿Cual es la latitud aproximada de Lima? 12 °S
66%
En la época colonial, ¿cuál era el principal producto de exportación a través del cercano puerto del Callao? Plata
54%
De todas las capitales del mundo, Lima... Recibe la menor precipitación
54%
¿Qué es lo que cientos de miles de personas siguen por las calles de Lima cada octubre, una tradición que se remonta a 1655? Un cuadro de Jesús
21%
No se encontraron pruebas coincidentes
Distribución de puntuación
Porcentaje de gente con cada puntuación
Porcentaje por número respondido
Historial de tus puntuaciones
No has intentado esta prueba.